[Event "Gibtelecom ChallWk1 5th"]
[Site "Gibraltar"]
[Date "2007.01.24"]
[Round "2.2"]
[White "Urbina Perez, Juan Antonio"]
[Black "Dunn, Andrew"]
[Result "1/2-1/2"]
[WhiteElo "2114"]
[BlackElo "2190"]
[PlyCount "81"]
[EventDate "2007.01.23"]
[EventType "swiss"]
[EventRounds "5"]
[EventCountry "GGB"]
[SourceTitle "BritBase"]
[Source "www.saund.co.uk"]
[SourceDate "2018.02.10"]
[SourceVersion "1"]
[SourceVersionDate "2018.02.10"]
[SourceQuality "1"]

1. e4 c6 2. Nc3 d5 3. Nf3 Bg4 4. h3 Bxf3 5. Qxf3 Nf6 6. d3 e6 7. g4 Bb4 8. Bd2
d4 9. Nb1 Qb6 10. c3 Bc5 11. Bc1 e5 12. Bg2 a5 13. O-O h6 14. Nd2 a4 15. Qg3
Nbd7 16. Nf3 a3 17. b4 Be7 18. Nxe5 Nxe5 19. Qxe5 dxc3 20. Qxc3 Qxb4 21. Qxb4
Bxb4 22. Rb1 c5 23. d4 Ra7 24. Be3 Nd7 25. Rfc1 b6 26. dxc5 Bxc5 27. Bxc5 bxc5
28. Rb3 Ke7 29. Rcc3 Rha8 30. e5 Rc8 31. f4 g5 32. fxg5 hxg5 33. Rxa3 Rxa3 34.
Rxa3 c4 35. Rc3 Nxe5 36. a4 Rb8 37. a5 Rb4 38. Bf1 Rb1 39. Kf2 Kd6 40. Bxc4
Nxc4 41. Rxc4 1/2-1/2

[Event "Gibtelecom ChallWk1 5th"]
[Site "Gibraltar"]
[Date "2007.01.24"]
[Round "2.3"]
[White "Osuna Vega, Enrique"]
[Black "Agdestein, Emil"]
[Result "0-1"]
[WhiteElo "2177"]
[BlackElo "2116"]
[PlyCount "68"]
[EventDate "2007.01.23"]
[EventType "swiss"]
[EventRounds "5"]
[EventCountry "GGB"]
[SourceTitle "BritBase"]
[Source "www.saund.co.uk"]
[SourceDate "2018.02.10"]
[SourceVersion "1"]
[SourceVersionDate "2018.02.10"]
[SourceQuality "1"]

1. Nf3 g6 2. e4 Bg7 3. d4 d6 4. Nc3 Nd7 5. Bc4 e6 6. Bg5 Ne7 7. Qd2 h6 8. Be3
a6 9. a4 b6 10. O-O Bb7 11. Ne1 Nf6 12. f3 d5 13. Bd3 dxe4 14. Nxe4 Nf5 15.
Nxf6+ Qxf6 16. c3 Nxe3 17. Qxe3 O-O 18. Be4 Rab8 19. Nd3 Rfd8 20. Ne5 c5 21. f4
cxd4 22. cxd4 Qe7 23. Rac1 Qb4 24. Rc4 Qxc4 25. Nxc4 Bxd4 26. Bxb7 Rxb7 27. Kf2
Rc7 28. b3 b5 29. axb5 axb5 30. Ke2 Bxe3 31. Nxe3 Rc3 32. Rb1 Rdd3 33. Ng4 Rxb3
34. Ra1 Ra3 0-1

[Event "Gibtelecom ChallWk1 5th"]
[Site "Gibraltar"]
[Date "2007.01.24"]
[Round "2.4"]
[White "Straub, Peter"]
[Black "Farrand, Julian"]
[Result "1/2-1/2"]
[WhiteElo "2096"]
[BlackElo "2164"]
[PlyCount "31"]
[EventDate "2007.01.23"]
[EventType "swiss"]
[EventRounds "5"]
[EventCountry "GGB"]
[SourceTitle "BritBase"]
[Source "www.saund.co.uk"]
[SourceDate "2018.02.10"]
[SourceVersion "1"]
[SourceVersionDate "2018.02.10"]
[SourceQuality "1"]

1. e4 d6 2. d4 Nf6 3. Nc3 Nbd7 4. f4 e5 5. Nf3 exd4 6. Qxd4 c6 7. Be3 d5 8. Qd2
dxe4 9. Ng5 Bb4 10. Bc4 O-O 11. O-O-O Qe7 12. a3 Ba5 13. Rhe1 b5 14. Bb3 c5 15.
Bd5 Nxd5 16. Qxd5 {remaining moves illegible} 1/2-1/2

[Event "Gibtelecom ChallWk1 5th"]
[Site "Gibraltar"]
[Date "2007.01.24"]
[Round "2.5"]
[White "Andreassen, Lars"]
[Black "Beltran Medina, Jorge"]
[Result "1-0"]
[WhiteElo "2160"]
[BlackElo "2104"]
[PlyCount "71"]
[EventDate "2007.01.23"]
[EventType "swiss"]
[EventRounds "5"]
[EventCountry "GGB"]
[SourceTitle "BritBase"]
[Source "www.saund.co.uk"]
[SourceDate "2018.02.10"]
[SourceVersion "1"]
[SourceVersionDate "2018.02.10"]
[SourceQuality "1"]

1. d4 f5 2. Qd3 d5 3. Bf4 Nf6 4. Nf3 c6 5. e3 e6 6. Be2 Be7 7. O-O O-O 8. Nbd2
Ne4 9. h3 g5 10. Bh2 Nd7 11. Ne5 c5 12. c3 Bf6 13. Nxd7 Bxd7 14. Nxe4 fxe4 15.
Qd2 Qe7 16. b4 b6 17. bxc5 bxc5 18. Rab1 Bc6 19. Bb5 Qd7 20. Bxc6 Qxc6 21. Rb2
cxd4 22. cxd4 Rac8 23. Qe2 Rf7 24. Qg4 Kh8 25. Bg3 Rg8 26. Rfb1 h6 27. Qh5 Kg7
28. h4 gxh4 29. Bf4 Bg5 30. Bxg5 hxg5 31. Qxg5+ Kh8 32. Qxh4+ Rh7 33. Qf6+ Rhg7
34. g3 Qe8 35. Kg2 Qh5 36. Rh1 1-0

[Event "Gibtelecom ChallWk1 5th"]
[Site "Gibraltar"]
[Date "2007.01.24"]
[Round "2.6"]
[White "Schmidt, Jens Uwe"]
[Black "Soraas, Torben"]
[Result "1-0"]
[WhiteElo "2092"]
[BlackElo "2155"]
[PlyCount "35"]
[EventDate "2007.01.23"]
[EventType "swiss"]
[EventRounds "5"]
[EventCountry "GGB"]
[SourceTitle "BritBase"]
[Source "www.saund.co.uk"]
[SourceDate "2018.02.10"]
[SourceVersion "1"]
[SourceVersionDate "2018.02.10"]
[SourceQuality "1"]

1. e4 c6 2. d4 d5 3. f3 dxe4 4. fxe4 e5 5. Nf3 exd4 6. Bc4 Be6 {(=)} 7. Bxe6
fxe6 8. O-O Be7 9. Nxd4 Qb6 10. Kh1 c5 11. Qh5+ Kd7 12. Nf3 Nc6 13. Rd1+ Kc7
14. Bf4+ e5 15. Nxe5 Nxe5 16. Qxe5+ Kc6 17. Qe6+ Kb5 18. a4+ 1-0

[Event "Gibtelecom ChallWk1 5th"]
[Site "Gibraltar"]
[Date "2007.01.24"]
[Round "2.7"]
[White "Vea, Odin Blikra"]
[Black "Sharp, Dale"]
[Result "1-0"]
[WhiteElo "2147"]
[BlackElo "2085"]
[PlyCount "61"]
[EventDate "2007.01.23"]
[EventType "swiss"]
[EventRounds "5"]
[EventCountry "GGB"]
[SourceTitle "BritBase"]
[Source "www.saund.co.uk"]
[SourceDate "2018.02.10"]
[SourceVersion "1"]
[SourceVersionDate "2018.02.10"]
[SourceQuality "1"]

1. e4 e5 2. Nc3 Nf6 3. f4 d5 4. fxe5 Nxe4 5. Nf3 c5 6. Bb5+ Nc6 7. Qe2 Nxc3 8.
dxc3 Be7 9. Bf4 a6 10. Bxc6+ bxc6 11. O-O a5 12. Rfe1 O-O 13. b3 a4 14. c4 Be6
15. Rad1 axb3 16. axb3 Ra2 17. Rd2 Qa5 18. cxd5 cxd5 19. Ng5 Bxg5 20. Bxg5 Qc3
21. Rc1 Rfa8 22. Rd3 Qb4 23. h3 Ra1 24. Kh2 Rxc1 {(=)} 25. Bxc1 Ra2 26. Rg3 Kh8
27. Qh5 Ra8 28. Bh6 Rg8 29. Qg5 f6 30. Bxg7+ Rxg7 31. Qxg7# 1-0

[Event "Gibtelecom ChallWk1 5th"]
[Site "Gibraltar"]
[Date "2007.01.24"]
[Round "2.8"]
[White "Millward, Richard"]
[Black "Obers, Frits"]
[Result "1-0"]
[WhiteElo "2140"]
[BlackElo "2071"]
[PlyCount "47"]
[EventDate "2007.01.23"]
[EventType "swiss"]
[EventRounds "5"]
[EventCountry "GGB"]
[SourceTitle "BritBase"]
[Source "www.saund.co.uk"]
[SourceDate "2018.02.10"]
[SourceVersion "1"]
[SourceVersionDate "2018.02.10"]
[SourceQuality "1"]

1. e4 e6 2. Nf3 d5 3. Nc3 Nf6 4. e5 Nfd7 5. Ne2 c5 6. c3 Nc6 7. d4 Be7 8. Nf4
cxd4 9. cxd4 Qb6 10. a3 a5 11. Qa4 Qa7 12. Bd3 h5 13. h4 Nb6 14. Qd1 Bd7 15.
O-O a4 16. Bd2 Na5 17. Bxa5 Qxa5 18. Rc1 Rc8 19. Rxc8+ Nxc8 20. Ng5 Bxg5 21.
hxg5 g6 22. Bxg6 fxg6 23. Nxg6 Rh7 24. Qf3 1-0

[Event "Gibtelecom ChallWk1 5th"]
[Site "Gibraltar"]
[Date "2007.01.24"]
[Round "2.9"]
[White "Schmidt, Raul"]
[Black "Nyland, Thomas"]
[Result "1-0"]
[WhiteElo "1979"]
[BlackElo "2124"]
[PlyCount "71"]
[EventDate "2007.01.23"]
[EventType "swiss"]
[EventRounds "5"]
[EventCountry "GGB"]
[SourceTitle "BritBase"]
[Source "www.saund.co.uk"]
[SourceDate "2018.02.10"]
[SourceVersion "1"]
[SourceVersionDate "2018.02.10"]
[SourceQuality "1"]

1. c4 e5 2. g3 Nc6 3. Bg2 Nf6 4. Nc3 Bc5 5. Nf3 a6 6. O-O d6 7. e3 Bg4 8. h3
Bh5 9. d4 exd4 10. exd4 Bxd4 11. g4 Bxc3 12. bxc3 Bg6 13. Re1+ Kf8 14. Nd4 Nxd4
15. Qxd4 c6 16. Bf4 d5 17. Rad1 h6 18. cxd5 cxd5 19. c4 Kg8 20. cxd5 Kh7 21. d6
Qa5 22. Bd2 Qxa2 23. Ra1 Qb3 24. Re7 Rab8 25. f4 Qd3 26. Qxd3 Bxd3 27. g5 hxg5
28. fxg5 Nh5 29. Rxb7 Rxb7 30. Bxb7 Rd8 31. Bf3 g6 32. Bb4 Ng3 33. Rd1 Bb5 34.
Kf2 Nf5 35. Bg4 Ne7 36. dxe7 1-0

[Event "Gibtelecom ChallWk1 5th"]
[Site "Gibraltar"]
[Date "2007.01.24"]
[Round "2.10"]
[White "Kuenitz, Klaus"]
[Black "Dekker, Alain"]
[Result "0-1"]
[WhiteElo "1733"]
[BlackElo "2144"]
[PlyCount "26"]
[EventDate "2007.01.23"]
[EventType "swiss"]
[EventRounds "5"]
[EventCountry "GGB"]
[SourceTitle "BritBase"]
[Source "www.saund.co.uk"]
[SourceDate "2018.02.10"]
[SourceVersion "1"]
[SourceVersionDate "2018.02.10"]
[SourceQuality "1"]

1. d4 f5 2. c4 Nf6 3. g3 e6 4. Bg2 Be7 5. Nf3 O-O 6. O-O d6 7. b3 Qe8 8. Bb2
Qh5 9. Nbd2 g5 10. e3 a5 11. Ne1 Qh6 12. Nd3 Nbd7 13. f4 Ng4 0-1

[Event "Gibtelecom ChallWk1 5th"]
[Site "Gibraltar"]
[Date "2007.01.24"]
[Round "2.11"]
[White "Vickery, Jim"]
[Black "Compton, Alistair"]
[Result "1/2-1/2"]
[WhiteElo "2132"]
[BlackElo "2093"]
[PlyCount "33"]
[EventDate "2007.01.23"]
[EventType "swiss"]
[EventRounds "5"]
[EventCountry "GGB"]
[SourceTitle "BritBase"]
[Source "www.saund.co.uk"]
[SourceDate "2018.02.10"]
[SourceVersion "1"]
[SourceVersionDate "2018.02.10"]
[SourceQuality "1"]

1. d4 e6 2. e4 d5 3. e5 c5 4. c3 Nc6 5. Nf3 Bd7 6. Be2 f6 7. O-O cxd4 8. cxd4
fxe5 9. Nxe5 Nge7 10. Nc3 Nxe5 11. dxe5 Nc6 12. Bf4 a6 13. Bd3 g6 14. Re1 Bg7
15. Bg3 O-O 16. a3 Ne7 17. Bh4 1/2-1/2

[Event "Gibtelecom ChallWk1 5th"]
[Site "Gibraltar"]
[Date "2007.01.24"]
[Round "2.12"]
[White "Galliano, Alex"]
[Black "Jameson, David"]
[Result "1-0"]
[WhiteElo "1300"]
[BlackElo "1972"]
[PlyCount "55"]
[EventDate "2007.01.23"]
[EventType "swiss"]
[EventRounds "5"]
[EventCountry "GGB"]
[SourceTitle "BritBase"]
[Source "www.saund.co.uk"]
[SourceDate "2018.02.10"]
[SourceVersion "1"]
[SourceVersionDate "2018.02.10"]
[SourceQuality "1"]

1. e4 c6 2. d3 d5 3. Nd2 e5 4. Ngf3 Bd6 5. g3 Nf6 6. Bg2 O-O 7. O-O Re8 8. Re1
Qc7 9. Nf1 h6 10. Nh4 d4 11. Nf5 Bxf5 12. exf5 Nbd7 13. g4 Nb6 14. h4 Nfd5 15.
Ng3 Nf4 16. Ne4 Nbd5 17. a3 b5 18. Qf3 b4 19. a4 b3 20. Nxd6 Nxg2 21. Kxg2 Qxd6
22. cxb3 Rab8 23. Qd1 Nb4 24. g5 Qd5+ 25. Kh2 e4 26. Qg4 Nxd3 27. gxh6 Qe5+ 28.
f4 1-0

[Event "Gibtelecom ChallWk1 5th"]
[Site "Gibraltar"]
[Date "2007.01.24"]
[Round "2.13"]
[White "Strand, Haakon"]
[Black "Young, Melvyn"]
[Result "1-0"]
[WhiteElo "2015"]
[BlackElo "1717"]
[PlyCount "43"]
[EventDate "2007.01.23"]
[EventType "swiss"]
[EventRounds "5"]
[EventCountry "GGB"]
[SourceTitle "BritBase"]
[Source "www.saund.co.uk"]
[SourceDate "2018.02.10"]
[SourceVersion "1"]
[SourceVersionDate "2018.02.10"]
[SourceQuality "1"]

1. e4 c5 2. a3 e6 3. b4 cxb4 4. axb4 Bxb4 5. Bb2 Nf6 6. e5 Nd5 7. c4 Nb6 8. Ra3
Bxa3 9. Bxa3 Qh4 10. Nc3 Nc6 11. Nf3 Qh5 12. d4 f6 13. Nb5 Kf7 14. exf6 Kxf6
15. g4 Qxg4 16. Nd6 a5 17. Rg1 Qf4 18. c5 Nd5 19. Bc1 Nc3 20. Bxf4 Nxd1 21.
Bg5+ Kg6 22. Nh4+ 1-0

[Event "Gibtelecom ChallWk1 5th"]
[Site "Gibraltar"]
[Date "2007.01.24"]
[Round "2.14"]
[White "Mayers, Dan"]
[Black "Kvisla, Johannes Luangtep"]
[Result "1-0"]
[WhiteElo "1965"]
[BlackElo "2134"]
[PlyCount "49"]
[EventDate "2007.01.23"]
[EventType "swiss"]
[EventRounds "5"]
[EventCountry "GGB"]
[SourceTitle "BritBase"]
[Source "www.saund.co.uk"]
[SourceDate "2018.02.10"]
[SourceVersion "1"]
[SourceVersionDate "2018.02.10"]
[SourceQuality "1"]

1. e4 c5 2. d4 cxd4 3. c3 d5 4. exd5 Qxd5 5. cxd4 Nc6 6. Nf3 Bg4 7. Nc3 Qe6+ 8.
Be3 Qf5 9. d5 Ne5 10. Qa4+ Nd7 11. Nd4 Qe5 12. h3 Bh5 13. Bb5 Ngf6 14. g4 Bg6
15. g5 Nxd5 16. Bxd7+ Kd8 17. Nxd5 Qxd5 18. O-O-O Qc5+ 19. Nc2 Qxc2+ 20. Qxc2
Bxc2 21. Kxc2 Kc7 22. Bf4+ Kb6 23. Kb1 e6 24. Be3+ Bc5 25. Rd6+ 1-0

[Event "Gibtelecom ChallWk1 5th"]
[Site "Gibraltar"]
[Date "2007.01.24"]
[Round "2.15"]
[White "Helin, Mikael"]
[Black "Hickman, John E"]
[Result "1/2-1/2"]
[WhiteElo "1951"]
[BlackElo "2052"]
[PlyCount "112"]
[EventDate "2007.01.23"]
[EventType "swiss"]
[EventRounds "5"]
[EventCountry "GGB"]
[SourceTitle "BritBase"]
[Source "www.saund.co.uk"]
[SourceDate "2018.02.10"]
[SourceVersion "1"]
[SourceVersionDate "2018.02.10"]
[SourceQuality "1"]

1. e4 d6 2. Nc3 g6 3. g3 Bg7 4. Bg2 Nf6 5. h3 O-O 6. Nge2 Nbd7 7. O-O e5 8. d3
c6 9. f4 b5 10. a3 Bb7 11. f5 Qb6+ 12. Kh2 d5 13. g4 h6 14. Ng3 d4 15. Nce2 g5
16. Bf3 c5 17. Qe1 c4 18. h4 cxd3 19. cxd3 Nh7 20. Nh5 Nc5 21. Qd1 b4 22. hxg5
hxg5 23. Neg3 bxa3 24. Rxa3 a5 25. Be2 f6 26. Kg2 Rfc8 27. Rh1 Bf8 28. Kf3 Rc7
29. Nf1 Nxe4 30. dxe4 Bxa3 31. bxa3 Bxe4+ 32. Kg3 Bxh1 33. Ne3 Qc6 34. Bc4+ Kh8
35. Qf1 dxe3 36. Bxe3 Qxc4 37. Qxh1 Qc6 38. Qh2 Qc2 39. Qh1 Qc6 40. Qh2 Qc2 41.
Qh1 Ra6 42. Qd5 Rc8 43. Qb7 Qc7 44. Qxa6 Qd8 45. Qa7 Qc7 46. Qa6 e4+ 47. Kh3
Qc3 48. Qa7 Rg8 49. Qb6 Qxa3 50. Nxf6 Nxf6 51. Qxf6+ Kh7 52. Qb6 Qb4 53. Qe6
Qb1 54. Qf7+ Rg7 55. Qh5+ Kg8 56. Qe8+ Kh7 1/2-1/2

[Event "Gibtelecom ChallWk1 5th"]
[Site "Gibraltar"]
[Date "2007.01.24"]
[Round "2.16"]
[White "Stokes, Ivan"]
[Black "Ruiz Manrique, Joaquin"]
[Result "1-0"]
[WhiteElo "2044"]
[BlackElo "1950"]
[PlyCount "112"]
[EventDate "2007.01.23"]
[EventType "swiss"]
[EventRounds "5"]
[EventCountry "GGB"]
[SourceTitle "BritBase"]
[Source "www.saund.co.uk"]
[SourceDate "2018.02.10"]
[SourceVersion "1"]
[SourceVersionDate "2018.02.10"]
[SourceQuality "1"]

1. e4 c5 2. Nf3 d6 3. d4 cxd4 4. Nxd4 Nf6 5. Nc3 a6 6. Bc4 b5 7. Bb3 Bb7 8. f3
Nbd7 9. Be3 e6 10. Qd2 Nc5 11. O-O-O Be7 12. g4 O-O 13. Kb1 Nfd7 14. h4 Ne5 15.
g5 Nxb3 16. axb3 a5 17. Ndxb5 Nxf3 18. Qf2 Ne5 19. Bf4 Qb8 20. Bxe5 dxe5 21.
Rd7 Re8 22. Rf1 f6 23. Nc7 Bc6 24. gxf6 Bxf6 25. Nxe8 Qxe8 26. Ra7 Rc8 27. Qg3
Qd8 28. Rxa5 Qe7 29. h5 h6 30. Qg1 Qd8 31. Ra7 Kh8 32. Rf7 Bg5 33. Qc5 Bf6 34.
Qe3 Qd4 35. Qf3 Qd8 36. Rxf6 Qxf6 37. Qxf6 gxf6 38. Rxf6 Bd7 39. Rxh6+ Kg7 40.
Rg6+ Kf7 41. Rg2 Rh8 42. Rf2+ Kg7 43. Rh2 Kh6 44. Kc1 Rg8 45. Kd2 Rd8 46. Ke3
Be8 47. Rd2 Ra8 48. Rd6 Bf7 49. Rb6 Rg8 50. Rb5 Rg5 51. Rc5 Bxh5 52. b4 Rg3+
53. Kd2 Rg2+ 54. Kd3 Rg3+ 55. Kc4 Kg5 56. Rxe5+ Kf6 1-0

[Event "Gibtelecom ChallWk1 5th"]
[Site "Gibraltar"]
[Date "2007.01.24"]
[Round "2.17"]
[White "Portman, Carl"]
[Black "Dimitrijevic, Dragan"]
[Result "1-0"]
[WhiteElo "1848"]
[BlackElo "2037"]
[PlyCount "191"]
[EventDate "2007.01.23"]
[EventType "swiss"]
[EventRounds "5"]
[EventCountry "GGB"]
[SourceTitle "BritBase"]
[Source "www.saund.co.uk"]
[SourceDate "2018.02.10"]
[SourceVersion "1"]
[SourceVersionDate "2018.02.10"]
[SourceQuality "1"]

1. d4 Nf6 2. g3 c5 3. c3 Qb6 4. Bg2 g6 5. Nf3 cxd4 6. Qxd4 Qxd4 7. Nxd4 a6 8.
O-O Bg7 9. Nd2 d5 10. e4 dxe4 11. Nxe4 Nxe4 12. Bxe4 Nd7 13. Be3 O-O 14. Nb3
Be5 15. Rfe1 Bd6 16. Rad1 Rb8 17. Ba7 Ra8 18. Be3 Nf6 19. Bf3 Bg4 20. Kg2 Bxf3+
21. Kxf3 Rfc8 22. Bg5 Kg7 23. Bxf6+ Kxf6 24. Nd2 Bc7 25. Ne4+ Kg7 26. Rd7 Bd8
27. Rxb7 h6 28. Rd1 Kf8 29. g4 Rc4 30. b3 Rc6 31. c4 Bc7 32. h3 Ke8 33. Rd5 a5
34. a4 Kf8 35. Rc5 Rxc5 36. Nxc5 Bd6 37. Ne4 Bb4 38. Rb5 Rd8 39. Rd5 Rb8 40.
Rd3 Ke8 41. Nc3 e6 42. Nb5 Ke7 43. Na7 Ra8 44. Nc6+ Ke8 45. Nxb4 axb4 46. Rd6
Rb8 47. Ke4 Ke7 48. Ra6 Rd8 49. Rb6 Rd2 50. Rxb4 Rxf2 51. a5 f5+ 52. gxf5 gxf5+
53. Ke3 Ra2 54. Rb5 Kf6 55. c5 e5 56. a6 Kg5 57. h4+ Kxh4 58. Rb4+ f4+ 59. Ke4
Kg3 60. Ra4 Re2+ 61. Kf5 f3 62. a7 f2 63. Ra1 Ra2 64. Rxa2 f1=Q+ 65. Kxe5 Qe1+
66. Kd6 Qd1+ 67. Kc7 Qxb3 68. a8=Q Qf7+ 69. Kd6 Qf6+ 70. Kd5 Qf5+ 71. Kc4 Qf1+
72. Kb4 Qb1+ 73. Kc3 Qe1+ 74. Kc4 Qf1+ 75. Kd4 Qf6+ 76. Ke3 Qf4+ 77. Kd3 Qf1+
78. Kd4 Qf6+ 79. Kd5 Qf5+ 80. Kd6 Qf6+ 81. Kc7 Qe7+ 82. Kb6 Qe6+ 83. c6 Qb3+
84. Kc7 Qf7+ 85. Kb8 Qb3+ 86. Qb7 Qxa2 87. c7 Qc2 88. c8=Q Qxc8+ 89. Kxc8 h5
90. Qh1 h4 91. Kd7 Kg4 92. Ke6 h3 93. Ke5 Kg3 94. Ke4 h2 95. Ke3 Kh3 96. Kf4
1-0

[Event "Gibtelecom ChallWk1 5th"]
[Site "Gibraltar"]
[Date "2007.01.24"]
[Round "2.18"]
[White "Pettersen, Joar Gullestad"]
[Black "Morris-Hill, Ray"]
[Result "1/2-1/2"]
[WhiteElo "2032"]
[BlackElo "1892"]
[PlyCount "67"]
[EventDate "2007.01.23"]
[EventType "swiss"]
[EventRounds "5"]
[EventCountry "GGB"]
[SourceTitle "BritBase"]
[Source "www.saund.co.uk"]
[SourceDate "2018.02.10"]
[SourceVersion "1"]
[SourceVersionDate "2018.02.10"]
[SourceQuality "1"]

1. e4 c5 2. a3 Nc6 3. b4 e5 4. b5 Nd4 5. Bc4 Nf6 6. Nc3 Be7 7. Nge2 O-O 8. d3
d6 9. Bg5 h6 10. Bd2 Be6 11. Bxe6 fxe6 12. O-O d5 13. Ng3 Bd6 14. a4 Rc8 15.
Na2 c4 16. dxc4 dxc4 17. Be3 Qc7 18. Nc3 Rfd8 19. Qc1 Bb4 20. Qb2 Bxc3 21. Qxc3
Nxe4 22. Qb2 Nxg3 23. hxg3 c3 24. Qa2 Qf7 25. Rfe1 Rd6 26. Rad1 Rcd8 27. Bxd4
exd4 28. Qc4 Rd5 29. Re4 Qd7 30. Qd3 Qd6 31. Rde1 Re8 32. Rd1 Rd8 33. Rde1 Re8
34. Rd1 1/2-1/2

[Event "Gibtelecom ChallWk1 5th"]
[Site "Gibraltar"]
[Date "2007.01.24"]
[Round "2.19"]
[White "Heinzer, Ralf"]
[Black "Wright, Jonathan"]
[Result "0-1"]
[WhiteElo "1992"]
[BlackElo "1600"]
[PlyCount "46"]
[EventDate "2007.01.23"]
[EventType "swiss"]
[EventRounds "5"]
[EventCountry "GGB"]
[SourceTitle "BritBase"]
[Source "www.saund.co.uk"]
[SourceDate "2018.02.10"]
[SourceVersion "1"]
[SourceVersionDate "2018.02.10"]
[SourceQuality "1"]

1. d4 Nf6 2. c4 e6 3. Nc3 c5 4. d5 exd5 5. cxd5 d6 6. e4 g6 7. Bg5 Bg7 8. f3
O-O 9. Qd2 Re8 10. Bd3 a6 11. g4 b5 12. a4 b4 13. Nd1 Qc7 14. Qf4 Nxd5 15. Qd2
Bb7 16. Ne2 Nf6 17. Bf4 Nc6 18. Kf2 Ne5 19. Ne3 Rad8 20. g5 Nh5 21. Bxe5 dxe5
22. Ng4 c4 23. Rac1 Qb6+ 0-1

[Event "Gibtelecom ChallWk1 5th"]
[Site "Gibraltar"]
[Date "2007.01.24"]
[Round "2.20"]
[White "Manetto, Luis"]
[Black "Hamer, Martyn"]
[Result "0-1"]
[WhiteElo "1568"]
[BlackElo "1987"]
[PlyCount "52"]
[EventDate "2007.01.23"]
[EventType "swiss"]
[EventRounds "5"]
[EventCountry "GGB"]
[SourceTitle "BritBase"]
[Source "www.saund.co.uk"]
[SourceDate "2018.02.10"]
[SourceVersion "1"]
[SourceVersionDate "2018.02.10"]
[SourceQuality "1"]

1. e4 Nf6 2. e5 Nd5 3. d4 d6 4. c4 Nb6 5. Nf3 dxe5 6. Nxe5 N8d7 7. Nxd7 Bxd7 8.
Nc3 e6 9. Be2 Bc6 10. O-O Be7 11. Be3 O-O 12. Qc2 f5 13. Rad1 f4 14. Bc1 f3 15.
Bd3 fxg2 16. Bxh7+ Kh8 17. Rfe1 Bd6 18. f4 Rxf4 19. c5 Rf1+ 20. Rxf1 Bxh2+ 21.
Kf2 Qh4+ 22. Ke2 Qh5+ 23. Ke1 Bg3+ 24. Kd2 gxf1=N+ 25. Rxf1 Nc4+ 26. Kd3 Qxh7+
0-1

[Event "Gibtelecom ChallWk1 5th"]
[Site "Gibraltar"]
[Date "2007.01.24"]
[Round "2.21"]
[White "Garcia, Mario"]
[Black "Gravett, Alan D"]
[Result "0-1"]
[WhiteElo "1424"]
[BlackElo "1869"]
[PlyCount "48"]
[EventDate "2007.01.23"]
[EventType "swiss"]
[EventRounds "5"]
[EventCountry "GGB"]
[SourceTitle "BritBase"]
[Source "www.saund.co.uk"]
[SourceDate "2018.02.10"]
[SourceVersion "1"]
[SourceVersionDate "2018.02.10"]
[SourceQuality "1"]

1. e4 c5 2. Nf3 d6 3. d4 cxd4 4. Nxd4 Nf6 5. Nc3 a6 6. Bc4 e6 7. Bb3 Be7 8. O-O
O-O 9. Be3 Nc6 10. a3 Nxd4 11. Bxd4 b5 12. f4 Qc7 13. e5 dxe5 14. Bxe5 Qc6 15.
Qf3 Bc5+ 16. Kh1 Qxf3 17. Rxf3 Bb7 18. Rg3 Nh5 19. Rd3 Rfe8 20. Rf1 Rad8 21.
Rfd1 Rxd3 22. Rxd3 f6 23. Bd4 Bxg2+ 24. Kxg2 Nxf4+ 0-1

[Event "Gibtelecom ChallWk1 5th"]
[Site "Gibraltar"]
[Date "2007.01.25"]
[Round "3.1"]
[White "Menon, Shanker"]
[Black "Millward, Richard"]
[Result "1-0"]
[WhiteElo "2194"]
[BlackElo "2140"]
[PlyCount "119"]
[EventDate "2007.01.23"]
[EventType "swiss"]
[EventRounds "5"]
[EventCountry "GGB"]
[SourceTitle "BritBase"]
[Source "www.saund.co.uk"]
[SourceDate "2018.02.10"]
[SourceVersion "1"]
[SourceVersionDate "2018.02.10"]
[SourceQuality "1"]

1. e4 c5 2. Nf3 e6 3. d4 cxd4 4. Nxd4 a6 5. Bd3 Qc7 6. c4 Nc6 7. Nxc6 bxc6 8.
O-O Bd6 9. f4 e5 10. f5 Nf6 11. Be3 Be7 12. Nc3 d6 13. Rc1 Rb8 14. b3 Qa5 15.
Qf3 Bb7 16. Na4 c5 17. Nc3 Kd7 18. Bb1 Rbg8 19. Kh1 Ke8 20. Nd5 Nxd5 21. cxd5
f6 22. Qe2 g6 23. Bd2 Qb6 24. Qc4 gxf5 25. exf5 Kf7 26. Bd3 h5 27. Be2 h4 28.
Qe4 a5 29. Rf3 Qd8 30. Rh3 Bf8 31. Bc4 Bh6 32. Bxh6 Rxh6 33. Rxh4 Rxh4 34. Qxh4
Rh8 35. Qg4 Qg8 36. Qxg8+ Rxg8 37. h3 Rg3 38. Kh2 Re3 39. g4 Re4 40. Rd1 Kg7
41. Kg3 Kh6 42. Bb5 Re3+ 43. Kh4 Rf3 44. Rd2 e4 45. Bc4 Re3 46. Rg2 Bc8 47. Re2
Rxe2 48. Bxe2 Bd7 49. Kg3 a4 50. Kf4 axb3 51. axb3 Be8 52. h4 Bd7 53. g5+ fxg5+
54. hxg5+ Kg7 55. Kxe4 Be8 56. Kf4 Bf7 57. f6+ Kg6 58. Bd3+ Kh5 59. Kf5 Bxd5
60. Bc4 1-0

[Event "Gibtelecom ChallWk1 5th"]
[Site "Gibraltar"]
[Date "2007.01.25"]
[Round "3.2"]
[White "Schmidt, Jens Uwe"]
[Black "Andreassen, Lars"]
[Result "0-1"]
[WhiteElo "2092"]
[BlackElo "2160"]
[PlyCount "92"]
[EventDate "2007.01.23"]
[EventType "swiss"]
[EventRounds "5"]
[EventCountry "GGB"]
[SourceTitle "BritBase"]
[Source "www.saund.co.uk"]
[SourceDate "2018.02.10"]
[SourceVersion "1"]
[SourceVersionDate "2018.02.10"]
[SourceQuality "1"]

1. e4 e5 2. Nf3 Nc6 3. Bb5 a6 4. Ba4 Nf6 5. Qe2 b5 6. Bb3 Be7 7. c3 O-O 8. O-O
d6 9. Rd1 Na5 10. Bc2 c5 11. d3 Bg4 12. h3 Bh5 13. Nbd2 Re8 14. Nf1 Nc6 15. g4
Bg6 16. Ng3 Qc7 17. Nh4 Nd7 18. Nhf5 Nf8 19. Kh1 Ne6 20. Bb3 Nf4 21. Bxf4 exf4
22. Nh5 Bxh5 23. gxh5 Bf6 24. Qg4 c4 25. dxc4 bxc4 26. Nxg7 Kh8 27. Nxe8 Rxe8
28. Bxc4 Rg8 29. Qxf4 Qe7 30. Rg1 Rb8 31. Bb3 Ne5 32. Rad1 a5 33. Qf5 h6 34.
Rg2 a4 35. Bxa4 Nc4 36. Bc2 Be5 37. f4 Ne3 38. fxe5 Nxf5 39. exf5 dxe5 40. Bb3
Qh4 41. Rd6 Qxh3+ 42. Kg1 Qe3+ 43. Kh1 Rg8 44. Rxg8+ Kxg8 45. Rf6 Qc1+ 46. Kh2
Qf4+ 0-1